00486nam a22001097a 4500008004100000040005500041080002100096245010900117260006200226500006200288650002600350230405b |||||||| |||| 00| 0 eng d aNational Science LibrarycNational Science Library a061.1045:338bK9 aReport of the industrial licensing policy inquiry committee c/ GOI Department of Industrial Development aDelhi: bGOI Department of Industrial Development, c1969 aAppendices Vol. 1 1p.- 66p. Appendices Vol. 2 1p.- 138p.  aIndustrial licensing